Statistics for Countries supporting the Russian Invasion of Ukraine

Click here to take the quiz!

General Stats

  • This quiz has been taken 48 times
  • The average score is 9 of 15

Answer Stats

HintAnswer% Correct
1Belarus
95%
12North Korea
93%
7Iran
76%
13Syria
76%
5Cuba
71%
14Venezuela
64%
6Eritrea
55%
10Nicaragua
52%
8Mali
45%
9Myanmar
43%
11Niger
43%
4Central African Republic
40%
15Zimbabwe
40%
2Burkina Faso
31%
3Burundi
26%

Score Distribution

Percentile by Number Answered

Percent of People with Each Score

Your Score History

You have not taken this quiz